[Event "24th European Teams"]
[Site "Budva MNE"]
[Date "2023.11.12"]
[Round "2.3"]
[White "Dragnev, Valentin"]
[Black "Carlsen, M."]
[Result "1/2-1/2"]
[WhiteElo "2589"]
[BlackElo "2829"]
[PlyCount "131"]
[EventDate "2023.11.11"]
[EventType "team"]
[EventRounds "9"]
[EventCountry "MNE"]
[SourceTitle "The Week in Chess 1514"]
[Source "Mark Crowther"]
[SourceDate "2023.11.13"]
[SourceVersion "1"]
[SourceVersionDate "2023.11.13"]
[SourceQuality "2"]
[WhiteTeam "Austria"]
[BlackTeam "Norway"]
[WhiteTeamCountry "AUT"]
[BlackTeamCountry "NOR"]

1. e4 c5 2. Nf3 Nc6 3. Bb5 e6 4. O-O Nge7 5. Re1 Nd4 6. Nxd4 cxd4 7. c3 a6 8. Bf1 Nc6 9. b4 Be7 10. a4 O-O 11. Na3 dxc3 12. dxc3 Bf6 13. Bb2 d6 14. Qb3 Qc7 15. Rad1 Rd8 16. Nc4 b6 17. Ne3 Bb7 18. Ng4 Bg5 19. c4 h5 20. Qc3 f6 21. h4 Bxh4 22. Qh3 hxg4 23. Qxh4 Nxb4 24. Re3 e5 25. Qxg4 Bc8 26. Qh4 Be6 27. Rg3 Rf8 28. Bc1 Ra7 29. Be2 Qd8 30. Rg6 Rd7 31. Kh2 Rff7 32. Rh1 Kf8 33. Kg1 Ke7 34. Qg3 Qg8 35. Be3 Rb7 36. f4 exf4 37. Bxf4 Rd7 38. Rh5 Nc6 39. Qh4 Rd8 40. Qf2 Rb8 41. a5 Nxa5 42. Qd4 Qd8 43. Rh7 Nc6 44. Qd2 Qc7 45. Rgxg7 Rbf8 46. Bh5 Nd8 47. Bxf7 Rxf7 48. Be3 Rxg7 49. Rxg7+ Nf7 50. Qb4 Qxc4 51. Qxb6 Qxe4 52. Rg8 Bd7 53. Bf2 Qd3 54. Rg3 Qd1+ 55. Kh2 Qh5+ 56. Kg1 Qb5 57. Qe3+ Ne5 58. Rg7+ Ke6 59. Qh3+ Kd5 60. Qh7 f5 61. Bg3 Ng4 62. Qg8+ Be6 63. Qa8+ Kd4 64. Qa7+ Kd3 65. Rb7 Qc5+ 66. Qxc5 1/2-1/2

[Event "24th European Teams"]
[Site "Budva MNE"]
[Date "2023.11.15"]
[Round "5.1"]
[White "Martirosyan, Haik M."]
[Black "Keymer, Vincent"]
[Result "0-1"]
[WhiteElo "2708"]
[BlackElo "2721"]
[PlyCount "80"]
[EventDate "2023.11.11"]
[EventType "team"]
[EventRounds "9"]
[EventCountry "MNE"]
[SourceTitle "The Week in Chess 1515"]
[Source "Mark Crowther"]
[SourceDate "2023.11.20"]
[SourceVersion "1"]
[SourceVersionDate "2023.11.20"]
[SourceQuality "2"]
[WhiteTeam "Armenia"]
[BlackTeam "Germany"]
[WhiteTeamCountry "ARM"]
[BlackTeamCountry "GER"]

1. d4 Nf6 2. c4 e6 3. Nf3 d5 4. Nc3 c5 5. cxd5 cxd4 6. Qxd4 exd5 7. e4 dxe4 8. Qxd8+ Kxd8 9. Ng5 Be6 10. Nxe6+ fxe6 11. Bg5 h6 12. O-O-O+ Ke7 13. Bxf6+ gxf6 14. Nxe4 Bg7 15. Ng3 h5 16. h4 Nc6 17. Be2 Rad8 18. Nxh5 Nd4 19. Ng3 f5 20. Bd3 Rd6 21. Kb1 Be5 22. Nf1 Bf6 23. h5 Bg5 24. Ne3 Nc6 25. Be2 Nd4 26. Bf1 Rdd8 27. Bc4 Kf6 28. Rde1 b5 29. Bf1 a6 30. Rh3 Bh6 31. a3 Rhg8 32. Rh1 Nb3 33. Kc2 Nc5 34. f3 Rd7 35. g4 Rc8 36. Kb1 Na4 37. gxf5 Bxe3 38. Rxe3 Rd1+ 39. Ka2 Rc2 40. Rxe6+ Kf7 0-1

[Event "2023 IBCA World Championship"]
[Site "?"]
[Date "2023.10.11"]
[Round "3"]
[White "Adiyaman, Rene"]
[Black "Tonteri, Ari"]
[Result "1-0"]
[WhiteElo "2122"]
[BlackElo "1850"]
[PlyCount "43"]
[EventDate "2023.??.??"]

1. e4 c5 2. c3 Nf6 3. e5 Nd5 4. Nf3 Nc6 5. d4 cxd4 6. cxd4 d6 7. Bc4 Nb6 8. Bb5 e6 9. O-O Be7 10. Nc3 O-O 11. Qe2 Qc7 12. Bd3 h6 13. Nb5 Qd8 14. Qe4 f5 15. exf6 Bxf6 16. Bxh6 Rf7 17. Qh7+ Kf8 18. Bg6 Re7 19. Ng5 Rc7 20. Nxc7 Qxc7 21. Qh8+ Ke7 22. Qe8# 1-0

[Event "2023 IBCA World Championship"]
[Site "?"]
[Date "2023.10.12"]
[Round "4"]
[White "Tazbir, Marcin"]
[Black "Nikac, Predrag"]
[Result "1-0"]
[WhiteElo "2499"]
[BlackElo "2283"]
[PlyCount "66"]
[EventDate "2023.??.??"]

1. e4 c5 2. Nf3 e6 3. d4 cxd4 4. Nxd4 Nc6 5. Nc3 Qc7 6. Be2 Nf6 7. O-O a6 8. Be3 Be7 9. f4 d6 10. Kh1 O-O 11. Qe1 Bd7 12. Qg3 b5 13. Bd3 b4 14. Nce2 e5 15. fxe5 Nxe5 16. Bg5 Nh5 17. Qh4 Bxg5 18. Qxg5 g6 19. h3 Qd8 20. Qxd8 Rfxd8 21. Kg1 Kg7 22. g4 Nf6 23. Nf4 g5 24. Nfe2 h5 25. Nf5+ Bxf5 26. Rxf5 hxg4 27. Rxg5+ Kf8 28. Nd4 gxh3 29. Rf5 Nfg4 30. Rf4 Nxd3 31. cxd3 Ne5 32. Ne6+ Ke7 33. Nxd8 Rxd8 {...} 1-0

[Event "2023 IBCA World Championship"]
[Site "?"]
[Date "2023.10.13"]
[Round "5"]
[White "Streltsov, Alexey"]
[Black "Tazbir, Marcin"]
[Result "0-1"]
[WhiteElo "2343"]
[BlackElo "2499"]
[PlyCount "66"]
[EventDate "2023.??.??"]

1. c4 e5 2. Nc3 d6 3. e3 g6 4. d4 Nc6 5. Nf3 Bg7 6. Be2 f5 7. dxe5 Nxe5 8. O-O Ne7 9. Qc2 Be6 10. Rd1 h6 11. e4 Qc8 12. Nd5 fxe4 13. Nxe7 Kxe7 14. Qxe4 Bf5 15. Qe3 Kf7 16. c5 Re8 17. Nd4 Nd3 18. Qf3 Bxd4 19. Bxd3 Kg7 20. Qf4 dxc5 21. Qxh6+ Kf7 22. Qh7+ Kf6 23. h4 Qd7 24. Bg5+ Ke6 25. Bxf5+ gxf5 26. Qh6+ Kd5 27. Bf6 Re4 28. Bxd4 Rxd4 29. Rac1 Re8 30. Qf4 Re1+ 31. Kh2 Rexd1 32. Qf3+ Ke6 33. Qe3+ Kf7 0-1

[Event "2023 IBCA World Ind. Chess Championship"]
[Site "?"]
[Date "2023.10.13"]
[Round "5"]
[White "Adiyaman, Rene"]
[Black "Vrioni, Bersan"]
[Result "1-0"]
[WhiteElo "2122"]
[BlackElo "1918"]
[PlyCount "51"]
[EventDate "2023.??.??"]

1. e4 e5 2. Nf3 Nc6 3. Bc4 Bc5 4. c3 Nf6 5. d3 d6 6. Nbd2 O-O 7. h3 h6 8. Bb3 Na5 9. Ba4 Nc6 10. Nf1 Ne7 11. Ng3 Be6 12. Bc2 c6 13. O-O Qc7 14. Qe2 Nd7 15. d4 Bb6 16. Be3 Rfe8 17. Qd2 f6 18. Rad1 Nf8 19. Bxh6 Neg6 20. d5 Bc8 21. Nh5 Qf7 22. dxc6 Bc7 23. cxb7 Bxb7 24. Bb3 Ne6 25. Nh4 Nxh4 26. Nxf6+ 1-0

[Event "1. BUNDESLIGA AUT 2023/24"]
[Site "Fuerstenfeld, St. Veit/Glan"]
[Date "2023.11.26"]
[Round "6.3"]
[White "Horvath, Dominik"]
[Black "Votava, Jan"]
[Result "1-0"]
[WhiteElo "2549"]
[BlackElo "2462"]
[PlyCount "49"]
[EventDate "2023.11.22"]
[EventType "team-tourn"]
[EventRounds "11"]
[EventCountry "AUT"]
[WhiteTeam "SPG Fuerstenfeld/Hartberg"]
[BlackTeam "Mayrhofen/Zell/Zillertal"]

1. e4 e5 2. Nf3 Nc6 3. d4 exd4 4. Nxd4 Nf6 5. Nxc6 bxc6 6. e5 Qe7 7. Qe2 Nd5 8. c4 Nb6 9. Nc3 Bb7 10. h4 Qe6 11. Bd2 Be7 12. O-O-O O-O 13. Qe4 d5 14. exd6 Qxe4 15. Nxe4 cxd6 16. Ng3 Rfd8 17. Nf5 Bf8 18. Rh3 f6 19. Rg3 Kf7 20. Bf4 d5 21. c5 Nd7 22. Nd6+ Bxd6 23. Bxd6 Ne5 24. Re1 Re8 25. Rge3 {[#] Und Schwarz gab auf. Auf den ersten Blick kommt das wohl überraschend, aber in der Tat sind seine Probleme bereits zu groß. Beachtenswert ist, dass der Läufer auf f1 keinen einzigen Zug machen musste.} 1-0

[Event "Austrian Bundesliga 2023-24"]
[Site "Austria"]
[Date "2023.11.22"]
[Round "1.4"]
[White "Halvax, Alexander"]
[Black "Esipenko, Andrey"]
[Result "0-1"]
[WhiteElo "1788"]
[BlackElo "2677"]
[PlyCount "52"]
[EventDate "2023.10.21"]
[EventType "team-tourn"]
[EventCountry "AUT"]
[SourceTitle "playchess.com"]
[Source "ChessBase"]
[SourceQuality "1"]

1. e4 c6 2. d4 d5 3. e5 Bf5 4. Bd3 Bxd3 5. Qxd3 e6 6. Be3 Ne7 7. Nd2 Nf5 8. g4 Nxe3 9. Qxe3 c5 10. c3 Qb6 11. O-O-O Nc6 12. Ne2 a5 13. f4 a4 14. Kb1 Ra5 15. dxc5 Bxc5 16. Qd3 O-O 17. Ka1 Rb5 18. Qc2 Na5 19. Rhf1 Ra8 20. a3 Rb3 21. Ka2 Be3 22. Rb1 Bxd2 23. Qxd2 Nc4 24. Qc1 Qc5 25. Nd4 Nxa3 26. Nxb3 axb3+ 0-1

[Event "Romanian Team Championship 2023 (Schlam"]
[Site "Eforie Nord"]
[Date "2023.09.29"]
[Round "9.1"]
[White "Lashkin, Jegor"]
[Black "Pranav Vijay"]
[Result "0-1"]
[WhiteElo "2459"]
[BlackElo "2252"]
[PlyCount "80"]
[EventDate "2023.09.21"]
[EventType "team-tourn"]
[EventCountry "ROU"]
[SourceTitle "playchess.com"]
[Source "ChessBase"]
[SourceQuality "1"]

1. d4 Nf6 2. c4 e6 3. Nf3 b6 4. g3 Bb7 5. Bg2 Bb4+ 6. Bd2 a5 7. O-O O-O 8. Bf4 Be7 9. Nc3 Ne4 10. Nb5 c6 11. Nc3 Nxc3 12. bxc3 d6 13. e4 Nd7 14. Re1 Ba6 15. Nd2 Rc8 16. Qb3 Re8 17. Be3 Bf8 18. Rab1 Rb8 19. e5 dxe5 20. Bxc6 Qc7 21. Qa4 Red8 22. Bg5 f6 23. Be3 h6 24. h4 Bd6 25. Ne4 f5 26. Nxd6 Qxd6 27. c5 bxc5 28. dxe5 Rxb1 29. exd6 Rxe1+ 30. Kh2 Ne5 31. Bg2 Rxd6 32. Bxc5 Rdd1 33. Qe8+ Kh7 34. h5 Be2 35. Bd4 Bxh5 36. Qa8 Ng4+ 37. Kh3 e5 38. Qxa5 exd4 39. Qxf5+ Bg6 40. Qxg4 dxc3 0-1

[Event "Vienna GM Feb"]
[Site "Vienna"]
[Date "2022.02.23"]
[Round "7"]
[White "Dragnev, Valentin"]
[Black "Sahidi, Samir"]
[Result "1-0"]
[WhiteElo "2533"]
[BlackElo "2432"]
[PlyCount "117"]
[EventDate "2022.02.17"]
[EventType "tourn"]
[EventRounds "9"]
[EventCountry "AUT"]
[EventCategory "9"]
[SourceTitle "CBM 207 Extra"]
[Source "ChessBase"]
[SourceDate "2022.05.31"]
[SourceVersion "1"]
[SourceVersionDate "2022.05.31"]
[SourceQuality "1"]

1. e4 e5 2. Nf3 Nc6 3. Bb5 a6 4. Ba4 Nf6 5. O-O b5 6. Bb3 Bc5 7. c3 d6 8. d4 Bb6 9. Be3 Bb7 10. d5 Ne7 11. Bxb6 cxb6 12. Nbd2 O-O 13. a4 bxa4 14. Bxa4 b5 15. Bc2 h6 16. c4 Qb6 17. Bd3 Nd7 18. Qe2 Ng6 19. g3 b4 20. Nb3 a5 21. Ra4 Nc5 22. Nxc5 dxc5 23. h4 Qc7 24. Nd2 Bc8 25. Rfa1 Bd7 26. R4a2 Ra6 27. Bc2 Rfa8 28. Ba4 Bxa4 29. Rxa4 Nf8 30. Nb3 Nd7 31. Qd1 Nf6 32. Qe1 Kh7 33. R1a2 Kg8 34. Kg2 R8a7 35. Kf3 Qc8 36. Rxa5 Rxa5 37. Rxa5 Rxa5 38. Nxa5 Qg4+ 39. Kg2 Qxe4+ 40. Qxe4 Nxe4 41. Nb7 Kf8 42. b3 Ke7 43. f3 Nd2 44. Nxc5 f5 45. Kf2 Kd6 46. Nb7+ Kc7 47. Na5 e4 48. f4 Kd6 49. Ke3 Nf1+ 50. Kd4 e3 51. c5+ Kc7 52. Kd3 e2 53. Kxe2 Nxg3+ 54. Ke3 Ne4 55. Kd4 g5 56. fxg5 hxg5 57. hxg5 Nxg5 58. Ke5 Nf3+ 59. Kxf5 1-0

[Event "TCh-ROU Superliga 2023"]
[Site "Eforie Nord ROU"]
[Date "2023.09.29"]
[Round "9.4"]
[White "Rogozenco, D."]
[Black "Gavrilescu, David"]
[Result "0-1"]
[WhiteElo "2421"]
[BlackElo "2534"]
[PlyCount "80"]
[EventDate "2023.09.21"]
[EventType "team"]
[EventRounds "9"]
[EventCountry "ROU"]
[SourceTitle "The Week in Chess 1508"]
[Source "Mark Crowther"]
[SourceDate "2023.10.02"]
[SourceVersion "1"]
[SourceVersionDate "2023.10.02"]
[SourceQuality "2"]
[WhiteTeam "CS Stud Medicina Timisoara"]
[BlackTeam "CSU ASE Bucuresti"]

1. d4 d5 2. Nf3 Nf6 3. c4 e6 4. g3 Bb4+ 5. Bd2 Bd6 6. Nc3 O-O 7. Bg5 Be7 8. Bg2 h6 9. Bxf6 Bxf6 10. O-O c6 11. Qc2 Nd7 12. Rfd1 g6 13. Rac1 Bg7 14. e3 Qe7 15. Nd2 Rd8 16. a3 a5 17. e4 e5 18. exd5 exd4 19. Na4 Ne5 20. Nb6 Bf5 21. Qb3 a4 22. Nxa4 Nd3 23. Bf1 Nxc1 24. Rxc1 c5 25. Qd1 h5 26. Ra1 Re8 27. b3 d3 28. Ra2 Bg4 29. Qb1 Be2 30. Nb2 Bxb2 31. Qxb2 Bxf1 32. Nxf1 Qe1 33. Qd2 Qb1 34. Rb2 Qa1 35. Ra2 Qd4 36. Ne3 Re5 37. a4 Rae8 38. a5 Rxe3 39. fxe3 Rxe3 40. Qf2 Qe4 0-1

[Event "AUT-ch"]
[Site "Wolfsberg"]
[Date "1985.06.19"]
[Round "5"]
[White "Baumgartner, Heinz"]
[Black "Herzog, Adolf"]
[Result "0-1"]
[WhiteElo "2345"]
[BlackElo "2445"]
[PlyCount "56"]
[EventDate "1985.06.15"]
[EventType "tourn"]
[EventRounds "15"]
[EventCountry "AUT"]
[EventCategory "4"]
[SourceTitle "MCD"]
[Source "ChessBase"]
[SourceDate "1999.07.01"]
[SourceVersion "1"]
[SourceVersionDate "1999.07.01"]
[SourceQuality "1"]

1. Nf3 c5 2. c4 g6 3. e3 Bg7 4. d4 Nf6 5. Nc3 O-O 6. d5 d6 7. Be2 a6 8. O-O e5 9. dxe6 fxe6 10. Qc2 Nc6 11. Rd1 Qe7 12. a3 b6 13. Rb1 Bb7 14. b4 Ng4 15. bxc5 Nce5 16. Ne4 Nxf3+ 17. Bxf3 Qh4 18. h3 Rxf3 19. hxg4 Qxg4 20. Nxd6 Raf8 21. Rf1 Qxg2+ 22. Kxg2 Rxf2+ 23. Kg3 R8f3+ 24. Kg4 h5+ 25. Kg5 Rg3+ 26. Kh4 Rg4+ 27. Kh3 Bg2+ 28. Kh2 Be5+ 0-1